[Event "ICS rated blitz match"]
[Site "207.99.83.227"]
[Date "1999.04.05"]
[Round "?"]
[White "matar"]
[Black "Hossa"]
[Result "1-0"]
[WhiteElo "2247"]
[BlackElo "2548"]
[Annotator "Crafty v16.6"]
[PlyCount "43"]

{annotating for player Hossa using a scoring margin of +0.10 pawns. search
time limit is 20.00} 1. e4 1... d6 2. d4 Nf6 3. Nc3 g6 ({8:-0.66} 3... g6 4.
Be2 d5 5. e5 Ne4 6. Nxe4 dxe4 7. Bg5 7... Bf5 $14) ({8:-0.36} 3... Nc6 4. Bb5
Bd7 5. Nf3 a6 6. Bc4 Na5 7. Bd3 $14) 4. Be3 Bg7 5. Qd2 Bg4 ({8:-0.82} 5... Bg4
6. f3 Bc8 7. O-O-O O-O 8. Bc4 Nbd7 9. Nge2 $16) ({8:-0.42} 5... Ng4 6. O-O-O
Nxe3 7. fxe3 Nd7 8. Nf3 c5 9. Bc4 9... O-O $14) 6. f3 Bd7 7. O-O-O Nc6 8. g4
O-O ({9:-1.05} 8... O-O 9. h4 b5 10. Bxb5 Na5 11. Bh6 Bxb5 12. Nxb5 Bxh6 13.
Qxh6 13... Nc4 $16) ({9:-0.76} 8... e5 9. d5 Nd4 10. h4 Ng8 11. Bc4 Ne7 12. Bh6
12... Bf6 $16) 9. h4 Qc8 ({9:-1.19} 9... Qc8 10. h5 Nb4 11. h6 Bh8 12. g5 Nh5
13. Nge2 13... c6 $16) ({9:-0.91} 9... h5 10. gxh5 Nxh5 11. Nge2 Nb4 12. Bh6 f5
13. Bxg7 Nxg7 14. a3 14... Nc6 $16) 10. h5 gxh5 ({8:-1.81} 10... gxh5 11. gxh5
Rd8 12. h6 Bf8 13. Nge2 Kh8 14. Rg1 14... Nb4 $18) ({8:-1.37} 10... Nb4 11.
hxg6 fxg6 12. Bh6 Bxh6 13. Qxh6 c5 14. d5 Qc7 15. Bc4 $16) 11. Bh6 hxg4 12.
Bxg7 Kxg7 13. Qh6+ Kg8 14. Nd5 Re8 15. Bc4 Nd8 16. e5 dxe5 ({8:-11.40} 16...
dxe5 17. Nxf6+ exf6 18. Qxh7+ Kf8 19. Qh6+ Ke7 20. dxe5 Rg8 21. exf6+ Ke8 22.
Qg7 Ne6 23. Qxg8+ Nf8 24. Bxf7+ Kd8 25. Qxf8# $18) ({8:-5.32} 16... Nh5 17.
Rxh5 Bf5 18. Rxf5 Qxf5 19. Bd3 Qxd3 20. Rxd3 dxe5 21. dxe5 $18) 17. dxe5 Nh5
18. Rxh5 Bf5 19. Nf6+ exf6 20. exf6 Ne6 21. Bxe6 Qb8 22. Qg7# 1-0

[Event "ICS rated blitz match"]
[Site "207.99.83.227"]
[Date "1999.04.05"]
[Round "?"]
[White "Hossa"]
[Black "ComputoJon"]
[Result "1-0"]
[WhiteElo "2521"]
[BlackElo "2236"]
[PlyCount "85"]

1. e4 c5 2. Bc4 e6 3. Nc3 a6 4. a4 b6 5. Nf3 Bb7 6. O-O d6 7. d4 cxd4 8. Nxd4
Qc7 9. Qe2 Nc6 10. Nxc6 Qxc6 11. a5 Nf6 12. Bd5 Qd7 13. Bxb7 Qxb7 14. axb6 Qxb6
15. Qc4 Be7 16. Qa4+ Nd7 17. Rd1 Qb7 18. Nb5 O-O 19. Nxd6 Bxd6 20. Rxd6 Nc5 21.
Qc6 Qb4 22. c3 Qxe4 23. Qxe4 Nxe4 24. Rdxa6 Rxa6 25. Rxa6 Rd8 26. g3 Nc5 27.
Ra2 Rd1+ 28. Kg2 h6 29. Be3 Nd3 30. b4 Rb1 31. Ra7 Rb3 32. Rc7 g5 33. Kf3 Nxb4
34. cxb4 Rxb4 35. Bd2 Rb5 36. g4 Rd5 37. Bc3 Rd3+ 38. Ke2 Rd5 39. Rc8+ Kh7 40.
Rh8+ Kg6 41. Rg8+ Kh7 42. Rg7+ Kh8 43. Rxg5+ {ComputoJon resigns} 1-0

[Event "ICS rated blitz match"]
[Site "207.99.83.227"]
[Date "1999.04.05"]
[Round "?"]
[White "ComputoJon"]
[Black "Hossa"]
[Result "0-1"]
[WhiteElo "2244"]
[BlackElo "2526"]
[PlyCount "66"]

1. e4 e5 2. Nf3 Nc6 3. d4 exd4 4. Nxd4 Bc5 5. Nxc6 Qf6 6. Qd2 Qxc6 7. Nc3 Bb4
8. Bd3 Nf6 9. O-O O-O 10. e5 Bxc3 11. bxc3 Ne4 12. Qf4 Nxc3 13. Qh4 g6 14. Bg5
b6 15. Bf6 Bb7 16. f3 Qc5+ 17. Kh1 Rfe8 18. f4 Be4 19. Rae1 Bxd3 20. Re3 h5 21.
Rxd3 Ne4 22. g4 Qxc2 23. Rdf3 Nd2 24. gxh5 Nxf3 25. Rxf3 Qb1+ 26. Kg2 Qxa2+ 27.
Kg3 Qb1 28. hxg6 fxg6 29. Qh8+ Kf7 30. Qg7+ Ke6 31. f5+ gxf5 32. Bg5 Qg1+ 33.
Kh3 33... Qg4# {ComputoJon checkmated} 0-1

[Event "ICS rated blitz match"]
[Site "207.99.83.227"]
[Date "1999.04.05"]
[Round "?"]
[White "Hossa"]
[Black "Lopera"]
[Result "1-0"]
[WhiteElo "2531"]
[BlackElo "2200"]
[PlyCount "24"]

1. e4 e5 2. Nf3 Nc6 3. Bc4 Nf6 4. Ng5 d5 5. exd5 Na5 6. Bb5+ c6 7. dxc6 bxc6 8.
Qf3 Rb8 9. Bxc6+ Nxc6 10. Qxc6+ Nd7 11. d3 Bb7 12. Qc4 12... Qe7 {
Lopera resigns} 1-0

[Event "ICS rated blitz match"]
[Site "207.99.83.227"]
[Date "1999.04.05"]
[Round "?"]
[White "Hossa"]
[Black "matar"]
[Result "0-1"]
[WhiteElo "2531"]
[BlackElo "2273"]
[Annotator "Crafty v16.6"]
[PlyCount "44"]

{annotating for player Hossa using a scoring margin of +0.10 pawns. search
time limit is 20.00} 1. e4 1... c5 2. Bc4 e6 3. Nc3 Nc6 4. Nf3 Nf6 5. O-O d5 6.
exd5 exd5 7. Bb5 Bd6 8. Re1+ Be6 9. Ng5 O-O 10. Nxe6 fxe6 11. Rxe6 Qd7 12. Re2
Ng4 13. f3 Bxh2+ 14. Kh1 Qd6 15. Bxc6 bxc6 16. fxg4 Qh6 17. g5 Qh4 18. g3 Bxg3+
19. Kg1 Bf2+ 20. Rxf2 Rxf2 21. Qh5 Qg3+ 22. Kh1 Rf1# 0-1

[Event "ICS rated blitz match"]
[Site "207.99.83.227"]
[Date "1999.04.05"]
[Round "?"]
[White "Hossa"]
[Black "chuckmoli"]
[Result "1-0"]
[WhiteElo "2511"]
[BlackElo "2167"]
[PlyCount "69"]

1. e4 c6 2. Nc3 d5 3. exd5 cxd5 4. Nf3 Nf6 5. Bb5+ Bd7 6. O-O Bxb5 7. Nxb5 Nc6
8. d4 e6 9. Bf4 Rc8 10. Bg5 a6 11. Bxf6 gxf6 12. Nc3 Rg8 13. Qd3 Rg7 14. Rae1
Be7 15. Qe3 Kf8 16. a3 Kg8 17. Nd1 Kh8 18. Qh6 Rg6 19. Qh5 Bd6 20. c3 Qd7 21.
Nh4 Rg5 22. Qh6 Be7 23. Ne3 Rcg8 24. a4 Qd8 25. Nf3 R5g6 26. Qh5 Bd6 27. Nh4
Rg5 28. Qxf7 Re8 29. Qxb7 Ne7 30. Nf3 Rg7 31. Qxa6 Ng6 32. b3 Nf4 33. Kh1 f5
34. Nxf5 Rxg2 35. Qxd6 {chuckmoli resigns} 1-0

[Event "ICS rated blitz match"]
[Site "207.99.83.227"]
[Date "1999.04.06"]
[Round "?"]
[White "chuckmoli"]
[Black "Hossa"]
[Result "0-1"]
[WhiteElo "2250"]
[BlackElo "2511"]
[PlyCount "70"]

1. d4 Nf6 2. Nf3 e6 3. g3 Be7 4. Bg2 O-O 5. O-O d5 6. b3 c5 7. c3 b6 8. Bb2 Nc6
9. Nbd2 Bb7 10. e3 Rc8 11. Rc1 Ba6 12. Re1 Bd3 13. Ne5 Nxe5 14. dxe5 Nd7 15. f4
f6 16. Nf3 Be4 17. exf6 Bxf6 18. Qd2 Qe8 19. c4 Rd8 20. cxd5 Bxb2 21. Qxb2 exd5
22. Ng5 Nf6 23. Rcd1 Bxg2 24. Kxg2 h6 25. Nf3 Ne4 26. Qe5 Qd7 27. Rd3 Rf5 28.
Qb2 Rh5 29. Ng1 Qg4 30. Red1 Rxh2+ 31. Kxh2 Qxg3+ 32. Kh1 Nf2+ 33. Qxf2 Qxf2
34. R1d2 Qh4+ 35. Rh2 35... Qe7 {chuckmoli resigns} 0-1

[Event "ICS rated blitz match"]
[Site "207.99.83.227"]
[Date "1999.04.06"]
[Round "?"]
[White "Hossa"]
[Black "sergor"]
[Result "1-0"]
[WhiteElo "2515"]
[BlackElo "2388"]
[PlyCount "67"]

1. e4 c5 2. Bc4 e6 3. Nc3 a6 4. a4 Ne7 5. Nf3 d5 6. exd5 exd5 7. Ba2 h6 8. d4
c4 9. O-O Nbc6 10. Ne5 Be6 11. Be3 g6 12. Qf3 Bg7 13. Nxc6 bxc6 14. Rad1 O-O
15. Bf4 Qb6 16. Bc1 Nf5 17. Ne2 Kh7 18. Qc3 Rab8 19. a5 Qb4 20. Qxb4 Rxb4 21.
Bb1 Rb5 22. c3 Rxa5 23. Rde1 Rb5 24. Nf4 Bd7 25. Bxf5 Bxf5 26. Re7 Kg8 27. Rfe1
Rfb8 28. Ra7 g5 29. Nh5 a5 30. Rc7 R8b6 31. Re8+ Bf8 32. g4 Be6 33. Rxe6 fxe6
34. Nf6+ {sergor resigns} 1-0

[Event "ICS rated blitz match"]
[Site "207.99.83.227"]
[Date "1999.04.06"]
[Round "?"]
[White "Cicerobr"]
[Black "Hossa"]
[Result "1/2-1/2"]
[WhiteElo "2285"]
[BlackElo "2525"]
[PlyCount "129"]

1. g3 e5 2. c4 Be7 3. Bg2 Nc6 4. Nc3 Nf6 5. Nf3 O-O 6. O-O d6 7. d4 Bg4 8. d5
Bxf3 9. Bxf3 Nd4 10. Bg2 Qd7 11. e3 Nf5 12. Qd3 Bd8 13. Bh3 e4 14. Nxe4 Nxe4
15. Qxe4 Nxg3 16. Qg2 Ne2+ 17. Kh1 Qa4 18. b3 Qa5 19. Bb2 Nc3 20. a3 Bf6 21.
Rac1 Nxd5 22. b4 Qb6 23. Bxf6 Nxf6 24. Rg1 Qc6 25. Qxc6 bxc6 26. Bg2 d5 27.
cxd5 cxd5 28. Rxc7 Rfc8 29. Rgc1 Rxc7 30. Rxc7 g6 31. h3 Kg7 32. Kh2 h5 33. a4
g5 34. b5 g4 35. a5 Rb8 36. Bf1 Ra8 37. b6 axb6 38. a6 Ne4 39. a7 Nxf2 40. Bb5
Nxh3 41. Bc6 Rf8 42. Rb7 Ra8 43. Rxf7+ Kxf7 44. Bxa8 Ke6 45. Bb7 Kf5 46. a8=Q
Ke4 47. Qf8 Kxe3 48. Bxd5 Nf4 49. Qe7+ Kf2 50. Qe4 g3+ 51. Kh1 g2+ 52. Qxg2+
Nxg2 53. Bxg2 b5 54. Bd5 Ke3 55. Kh2 Kd4 56. Bf7 b4 57. Kh3 Kc3 58. Kh4 Kc2 59.
Kxh5 Kd2 60. Kg4 Ke2 61. Kf4 Kf2 62. Ke4 Kg2 63. Kd4 Kh2 64. Kc4 Kh3 65. Kxb4 {
Game drawn because neither player has mating material} 1/2-1/2

[Event "ICS rated blitz match"]
[Site "207.99.83.227"]
[Date "1999.04.06"]
[Round "?"]
[White "Grand-M2B"]
[Black "Hossa"]
[Result "0-1"]
[WhiteElo "2349"]
[BlackElo "2515"]
[PlyCount "72"]

1. Nc3 d5 2. e4 d4 3. Nce2 d3 4. cxd3 Nf6 5. Ng3 Nc6 6. f4 e6 7. Nf3 Bc5 8. d4
Nxd4 9. Nxd4 Qxd4 10. Qf3 O-O 11. Be2 Bd7 12. d3 Qb4+ 13. Kf1 Bd4 14. Rb1 Qc5
15. Bd1 Qa5 16. a3 Rad8 17. b4 Qa6 18. Ne2 Bb5 19. Bc2 Qc6 20. Nxd4 Rxd4 21.
Rb2 Bxd3+ 22. Bxd3 Qxc1+ 23. Kf2 Qxb2+ 24. Kg3 Qxa3 25. Rd1 Rfd8 26. e5 Rxd3
27. Rxd3 Rxd3 28. exf6 Rxf3+ 29. gxf3 gxf6 30. h4 Qxb4 31. h5 a5 32. h6 a4 33.
f5 a3 34. f4 exf5 35. Kh4 Qxf4+ 36. Kh5 36... Qg5# {Grand-M2B checkmated} 0-1

[Event "ICS rated blitz match"]
[Site "207.99.83.227"]
[Date "1999.04.06"]
[Round "?"]
[White "Hossa"]
[Black "RM"]
[Result "1-0"]
[WhiteElo "2524"]
[BlackElo "2529"]
[PlyCount "57"]

1. e4 d6 2. d4 Nf6 3. Nc3 g6 4. Nf3 Bg7 5. h3 O-O 6. Be3 a6 7. Qd3 b5 8. O-O-O
Bb7 9. e5 dxe5 10. dxe5 Qxd3 11. Rxd3 Ne4 12. Nd5 Bxd5 13. Rxd5 c5 14. h4 e6
15. Rd1 Nc6 16. Bd3 f5 17. exf6 Nxf6 18. Bxc5 Rfe8 19. Ng5 Nd5 20. Be4 Bh6 21.
Rxd5 exd5 22. Bxd5+ Kh8 23. Bxc6 Rac8 24. Bxe8 Rxc5 25. f4 Rc8 26. Re1 Bg7 27.
Re7 a5 28. Bxb5 Rb8 29. a4 {RM resigns} 1-0

[Event "ICS rated blitz match"]
[Site "207.99.83.227"]
[Date "1999.04.06"]
[Round "?"]
[White "iccjunkie"]
[Black "Hossa"]
[Result "1-0"]
[WhiteElo "2351"]
[BlackElo "2555"]
[Annotator "Crafty v16.6"]
[PlyCount "113"]

{annotating for player Hossa using a scoring margin of +0.10 pawns. search
time limit is 20.00} 1. d4 1... Nf6 2. Nf3 e6 3. c3 d5 ({10:-0.15} 3... d5 4.
Bg5 Nbd7 5. e3 Be7 6. Bd3 O-O 7. O-O Ne4 8. Bf4 $10) ({10:+0.02} 3... Be7 4. e3
O-O 5. Bd3 c5 6. O-O Nc6 7. Nbd2 cxd4 8. Nxd4 8... Bc5 $10) 4. Bg5 Be7 5. e3
O-O 6. Nbd2 b6 ({9:-0.39} 6... b6 7. Bd3 Nbd7 8. O-O Ng4 9. Bf4 c5 10. Qe2 cxd4
11. cxd4 $14) ({9:-0.18} 6... c5 7. Bd3 cxd4 8. cxd4 Nc6 9. O-O Nb4 10. Be2 Ng4
11. Bf4 $10) 7. h3 Ne4 8. Bxe7 Qxe7 9. Bd3 Bb7 10. O-O Nxd2 ({9:-0.32} 10...
Nxd2 11. Nxd2 Nd7 12. Qh5 Nf6 13. Qh4 Rae8 14. f4 e5 15. fxe5 $14) ({9:-0.12} 
10... c5 11. Ne5 cxd4 12. cxd4 Nd7 13. Nxd7 Qxd7 14. f4 Rfc8 15. Nxe4 dxe4 16.
Be2 $10) 11. Qxd2 Qf6 ({9:-0.51} 11... Qf6 12. Ne5 c5 13. f4 cxd4 14. cxd4 Rc8
15. Ng4 Qh4 16. Rac1 $14) ({9:-0.24} 11... Nd7 12. Qc2 Kh8 13. Bxh7 g6 14. Bxg6
fxg6 15. Qxg6 15... Qd6 $10) 12. Qc2 Qh6 13. e4 dxe4 14. Bxe4 c6 15. Ne5 Qh4
16. Rae1 Ba6 17. Bd3 Bxd3 18. Qxd3 Qf4 ({10:-0.58} 18... Qf4 19. Re3 Qh4 20.
Rfe1 Rc8 21. Rf3 Rc7 22. Re4 Qg5 23. Rff4 $14) ({10:-0.43} 18... Qe7 19. Qe4
Qd6 20. Re3 Rc8 21. Rf3 Rc7 22. Re1 Na6 23. Rf4 $14) 19. Re4 Qf5 20. Rfe1 Qh5
21. Qg3 b5 22. Rg4 Qh6 23. Qf3 Qd2 24. Re2 Qd1+ 25. Kh2 f6 ({8:-1.12} 25... f6
26. Nd3 Nd7 27. Rxe6 Qxf3 28. gxf3 f5 29. Rg5 29... Rac8 $16) ({8:-0.94} 25...
a5 26. Qf6 g6 27. Rge4 b4 28. Re1 Qd2 29. R1e2 $16) 26. Nd3 e5 ({9:-1.95} 26...
e5 27. dxe5 fxe5 28. Qe3 e4 29. Rxe4 a5 30. Re1 Qh5 31. Re7 $18) ({9:-1.51} 
26... Rf7 27. Rxe6 Qxf3 28. gxf3 a5 29. Nc5 h5 30. Rge4 Kh7 31. Kg3 $18) 27.
dxe5 fxe5 28. Qe3 e4 29. Rxe4 Kh8 ({9:-8.45} 29... Kh8 30. Re8 Nd7 31. Rxa8 h5
32. Rxa7 Nf6 33. Qe7 Rg8 34. Nc5 $18) ({9:-2.52} 29... Nd7 30. Rd4 Nb6 31. Nf4
Qb1 32. Qe6+ Rf7 33. Qxc6 Qf5 34. Qe6 Qxe6 35. Nxe6 $18) 30. Re7 Qb1 ({8:-Mat06
} 30... Qb1 31. Qg5 Rg8 32. Rxg7 Qg1+ 33. Kxg1 Nd7 34. Rxh7+ Kxh7 35. Re7+ Kh8
36. Qh6# $18) ({8:-4.81} 30... h6 31. Qd4 Rg8 32. R7e6 Qd2 33. Rxd2 Kh7 34.
Qe4+ Kh8 35. Ne5 Rc8 36. Re7 $18) 31. Ne5 Qf5 32. Qg3 Qf6 33. Ng4 Qg6 34. R2e6
Qg5 35. f4 Qh5 36. Ne5 g6 37. Rxg6 Nd7 38. Rxd7 Rf5 39. Rgg7 Rxe5 40. fxe5 Qf5
41. e6 Rc8 42. Rxh7+ Qxh7 43. Qe5+ Kg8 44. Qg5+ Kh8 45. Qf6+ Kg8 46. Rxh7 Kxh7
47. e7 Ra8 48. Qf8 Rxf8 49. exf8=Q b4 50. g4 Kg6 51. h4 bxc3 52. bxc3 Kh7 53.
Kg3 a5 54. Kf4 a4 55. h5 c5 56. g5 a3 57. g6# 1-0

[Event "ICS rated blitz match"]
[Site "207.99.83.227"]
[Date "1999.04.06"]
[Round "?"]
[White "Hossa"]
[Black "KillerGrob"]
[Result "0-1"]
[WhiteElo "2531"]
[BlackElo "2809"]
[Annotator "Crafty v16.6"]
[PlyCount "169"]

{annotating for player Hossa using a scoring margin of +0.10 pawns. search
time limit is 20.00} 1. e4 1... c5 2. Bc4 d6 3. Nf3 Nf6 4. e5 Ng4 5. e6 ({
8:+0.30} 5. e6 5... Bxe6 6. Bxe6 fxe6 7. Ng5 Nf6 8. Nxe6 Qd7 9. Qe2 $10) ({
8:+0.48} 5. exd6 5... Qxd6 6. O-O Nc6 7. Bb5 a6 8. Ba4 Bf5 9. Nc3 $14) 5...
Bxe6 6. Bxe6 fxe6 7. Ng5 Nf6 8. Nxe6 Qd7 9. Qe2 Nc6 10. O-O Nd8 11. Nxd8 Qxd8
12. Re1 Qd7 13. d3 ({9:+0.12} 13. d3 13... e5 14. f4 O-O-O 15. fxe5 dxe5 16.
Qxe5 Re8 17. Qc3 Rxe1+ 18. Qxe1 18... Bd6 $10) ({9:+0.38} 13. c3 13... O-O-O
14. d4 Qf5 15. Na3 Kb8 16. b4 Nd7 17. bxc5 17... dxc5 $14) 13... O-O-O 14. a3
Kb8 15. b4 Rc8 16. bxc5 Rxc5 17. d4 ({9:+0.18} 17. d4 17... Rc8 18. Qd3 Qc7 19.
Re2 Qc4 20. Qe3 Ng4 21. Qe4 $10) ({9:+0.31} 17. Be3 17... Rh5 18. Qd2 Qg4 19.
Nc3 Qh4 20. Bf4 Ng4 21. Bg3 $14) 17... Rc8 18. c4 ({9:+0.13} 18. c4 18... Qg4
19. Qd3 Qh4 20. Ra2 Ng4 21. Bf4 g5 22. Bg3 $10) ({9:+0.25} 18. Qd3 18... Qc6
19. Re2 Qc4 20. Qd2 Nd5 21. Bb2 Nf4 22. Re4 $10) 18... Qg4 19. Qxg4 Nxg4 20.
Nd2 g6 21. Rb1 Rc7 22. Re4 Nf6 23. Re6 Bh6 24. a4 ({10:-0.36} 24. a4 24... Rhc8
25. Nb3 Bxc1 26. Rxc1 Rxc4 27. Rxc4 Rxc4 28. Rxe7 Rxa4 29. Rf7 Ne4 30. Rxh7 $15
) ({10:+0.06} 24. Nb3 24... Bxc1 25. Rxc1 Rd8 26. f3 Nh5 27. Rce1 Rdd7 28. Kf2
Nf4 29. R6e4 $10) 24... Rhc8 25. a5 ({10:-1.07} 25. a5 25... Ng8 26. c5 dxc5
27. Nb3 cxd4 28. Bxh6 Nxh6 29. Nxd4 Rc1+ 30. Re1 30... R1c4 $17) ({10:-0.25} 
25. Nb3 25... Bxc1 26. Rxc1 Rxc4 27. Rxc4 Rxc4 28. Rxe7 Rxa4 29. Re6 Ng4 30.
Rxd6 30... a5 $10) 25... Ng8 26. a6 ({10:-1.37} 26. a6 26... b6 27. d5 Bxd2 28.
Bxd2 Rxc4 29. Bg5 Rc2 30. f3 R8c7 31. Rb5 $17) ({10:-0.95} 26. Kf1 26... Bxd2
27. Bxd2 Rxc4 28. Be3 R8c7 29. Rb5 a6 30. Rg5 Rc2 31. Rd5 $17) 26... b6 27. d5
Bxd2 28. Bxd2 Rxc4 29. Bg5 R8c5 30. f3 ({11:-1.93} 30. f3 30... Rxd5 31. Bxe7
Kc7 32. Bf8 Ra4 33. Re8 Kd7 34. Rbe1 Rxa6 35. Bxd6 Kxd6 36. Rxg8 $19) ({
11:-1.74} 30. h4 30... Rxd5 31. Bxe7 Kc7 32. Rbe1 Kd7 33. h5 Rc1 34. Rxc1 Kxe6
35. hxg6 35... hxg6 $19) 30... Rxd5 31. Bxe7 Kc7 32. Ra1 Rc2 33. h4 Rdd2 34. g4
Rg2+ 35. Kh1 Rh2+ 36. Kg1 Rcg2+ 37. Kf1 Rd2 38. Kg1 Rhg2+ 39. Kh1 Rgf2 40. Bg5
Rh2+ 41. Kg1 Rdg2+ 42. Kf1 Rb2 43. Kg1 Rhg2+ 44. Kh1 Kd7 45. Rae1 Rh2+ 46. Kg1
Rbg2+ 47. Kf1 Rc2 48. Kg1 Rhg2+ 49. Kh1 Rgf2 50. Bf4 Rc6 51. Re8 Rf1+ 52. Rxf1
Kxe8 53. Rd1 Kd7 54. h5 gxh5 55. gxh5 Ne7 56. Rd2 Nf5 57. Kg2 Rc4 58. Bg5 h6
59. Bf6 Ra4 60. Kf2 Rxa6 61. Re2 b5 62. Rb2 Rb6 63. Ra2 a6 64. Bc3 b4 65. Bd2
b3 66. Rb2 d5 67. Ke2 Rb5 68. Rb1 a5 69. Ra1 b2 70. Rb1 a4 71. Kd1 a3 72. Bc1
bxc1=Q+ 73. Kxc1 Rxb1+ 74. Kxb1 Ng7 75. Ka2 Nxh5 76. Kxa3 Nf6 77. Kb3 h5 78.
Kc3 h4 79. Kd4 h3 80. Ke5 h2 81. f4 h1=Q 82. Kd4 Qd1+ 83. Kc5 Ne4+ 84. Kb4 Qb1+
85. Ka5 0-1

[Event "ICS rated blitz match"]
[Site "207.99.83.227"]
[Date "1999.04.06"]
[Round "?"]
[White "Hossa"]
[Black "iccjunkie"]
[Result "1-0"]
[WhiteElo "2526"]
[BlackElo "2395"]
[PlyCount "113"]

1. e4 c5 2. Bc4 e6 3. Nc3 a6 4. a4 Ne7 5. Nf3 d6 6. O-O Nbc6 7. Bb3 g6 8. d4
cxd4 9. Nxd4 Bg7 10. Nde2 O-O 11. Bf4 Ne5 12. Qd2 N7c6 13. Rad1 Na5 14. Qxd6
Qxd6 15. Rxd6 Nec4 16. Rdd1 Nxb2 17. Rb1 Nbc4 18. Bxc4 Nxc4 19. Rb4 Ne5 20. Be3
Rd8 21. Bg5 Rd7 22. Rd1 Rxd1+ 23. Nxd1 Bf8 24. Rb3 Nc4 25. Nec3 Na5 26. Rb1 Bd7
27. Bf6 Bc6 28. Nb2 Bg7 29. Bxg7 Kxg7 30. Rd1 Kf6 31. Rd4 g5 32. Rb4 Rd8 33.
Nd3 Ke7 34. Kf1 f6 35. g4 e5 36. f3 Kd6 37. Ke2 h5 38. gxh5 Rh8 39. Kf2 Rxh5
40. Kg3 Rh7 41. h3 Rh8 42. Rb1 Rh7 43. Rd1 Kc7 44. Nb4 Rf7 45. Ncd5+ Bxd5 46.
Nxd5+ Kc6 47. Kg4 Nc4 48. Kf5 Rf8 49. Rd3 b5 50. axb5+ Kxb5 51. Nxf6 a5 52.
Kxg5 a4 53. Nd7 Rd8 54. Kf6 a3 55. Rb3+ Ka5 56. Nxe5 a2 57. Nxc4+ {
iccjunkie resigns} 1-0

[Event "ICS rated blitz match"]
[Site "207.99.83.227"]
[Date "1999.04.06"]
[Round "?"]
[White "lamasa"]
[Black "Hossa"]
[Result "0-1"]
[WhiteElo "2573"]
[BlackElo "2536"]
[PlyCount "44"]

1. d4 Nf6 2. Nf3 e6 3. c3 d5 4. Bg5 Be7 5. Nbd2 O-O 6. e3 b6 7. Bd3 Ba6 8. Bxa6
Nxa6 9. O-O c5 10. Qe2 Nc7 11. dxc5 bxc5 12. Rad1 Nd7 13. Bxe7 Qxe7 14. e4 Rab8
15. exd5 Rxb2 16. dxe6 fxe6 17. Qd3 Rxa2 18. Nc4 Nd5 19. Nce5 Nxe5 20. Nxe5 Nf4
21. Qe4 Ne2+ 22. Kh1 22... Nxc3 {lamasa resigns} 0-1

[Event "ICS rated blitz match"]
[Site "207.99.83.227"]
[Date "1999.04.06"]
[Round "?"]
[White "Hossa"]
[Black "guchess"]
[Result "1-0"]
[WhiteElo "2554"]
[BlackElo "2264"]
[PlyCount "65"]

1. e4 c5 2. Bc4 e6 3. Nc3 a6 4. a4 b6 5. Nf3 Bb7 6. O-O d6 7. d4 Nd7 8. d5 e5
9. Be3 Ngf6 10. Bg5 Be7 11. Qe2 O-O 12. Rae1 h6 13. Be3 Kh7 14. Nh4 g6 15. Qd2
Ng8 16. Nf3 f5 17. exf5 gxf5 18. Kh1 f4 19. Qd3+ Kg7 20. Bc1 Ndf6 21. Nh4 Bc8
22. Qg6+ Kh8 23. Re2 Qe8 24. Qxe8 Rxe8 25. Rfe1 Nh5 26. Ng6+ Kg7 27. Bd3 Bg4
28. f3 Bd7 29. Bd2 Rec8 30. Bxf4 Nxf4 31. Nxf4 exf4 32. Rxe7+ Nxe7 33. Rxe7+ {
guchess resigns} 1-0

[Event "ICS rated blitz match"]
[Site "207.99.83.227"]
[Date "1999.04.06"]
[Round "?"]
[White "guchess"]
[Black "Hossa"]
[Result "0-1"]
[WhiteElo "2259"]
[BlackElo "2559"]
[PlyCount "28"]

1. d4 Nf6 2. c4 g6 3. Nc3 Bg7 4. e4 d6 5. f3 O-O 6. Bg5 Nc6 7. d5 Ne5 8. Bd3 e6
9. Nge2 exd5 10. Nxd5 c6 11. Ndc3 Be6 12. b3 Qa5 13. Rc1 Nxd3+ 14. Qxd3 14...
Qxg5 {guchess resigns} 0-1

[Event "ICS rated blitz match"]
[Site "207.99.83.227"]
[Date "1999.04.06"]
[Round "?"]
[White "Hossa"]
[Black "Kid-Jarocho"]
[Result "1-0"]
[WhiteElo "2564"]
[BlackElo "2181"]
[PlyCount "93"]

1. e4 c5 2. Bc4 e6 3. Nc3 d6 4. Nf3 a6 5. O-O b5 6. Be2 Nc6 7. d3 Nge7 8. Bg5
h6 9. Bh4 Qc7 10. Rc1 Ng6 11. a4 b4 12. Na2 Nxh4 13. Nxh4 Be7 14. Nf3 Bf6 15.
b3 O-O 16. Qd2 d5 17. exd5 exd5 18. Rce1 Bg4 19. Qe3 Nd4 20. Nxd4 Bxd4 21. Qd2
Bxe2 22. Qxe2 Rfe8 23. Qxe8+ Rxe8 24. Rxe8+ Kh7 25. Rfe1 Qf4 26. R1e2 Bf6 27.
Rf8 c4 28. dxc4 dxc4 29. Rfe8 Qd4 30. Re1 cxb3 31. cxb3 Qb2 32. Nxb4 Qxb3 33.
Nxa6 Qxa4 34. Nc5 Qd4 35. Ne4 Be5 36. g3 Qd5 37. Re7 Bb2 38. Re2 Ba1 39. Rd2
Qh5 40. Rdd7 Qf5 41. Kg2 Bf6 42. Nxf6+ Qxf6 43. Rxf7 Qc6+ 44. Kh3 Qe6+ 45. g4
Qb3+ 46. Kh4 Qc3 47. Rxg7+ {Kid-Jarocho resigns} 1-0

[Event "ICS rated blitz match"]
[Site "207.99.83.227"]
[Date "1999.04.06"]
[Round "?"]
[White "rajah"]
[Black "Hossa"]
[Result "1-0"]
[WhiteElo "2501"]
[BlackElo "2567"]
[Annotator "Crafty v16.6"]
[PlyCount "126"]

{annotating for player Hossa using a scoring margin of +0.10 pawns. search
time limit is 20.00} 1. c4 1... e5 2. Nc3 Nf6 3. Nf3 Nc6 4. e4 Bc5 5. Be2 d6 6.
O-O O-O ({8:-1.01} 6... O-O 7. d3 Bg4 8. Na4 Bb4 9. Ng5 Bxe2 10. Qxe2 10... a5
$16) ({8:-0.60} 6... Bg4 7. Qb3 Bxf3 8. Bxf3 Nd4 9. Qd1 Nxf3+ 10. Qxf3 Bd4 11.
d3 11... Qd7 $14) 7. d3 Bg4 8. Bg5 Bxf3 ({9:-1.02} 8... Bxf3 9. Bxf3 h6 10. Bh4
Nd4 11. Na4 Nxf3+ 12. Qxf3 Bd4 13. a3 Qd7 14. Bxf6 14... gxf6 $16) ({9:-0.81} 
8... h6 9. Bd2 Bb4 10. Na4 Rc8 11. Bxb4 Nxb4 12. Nh4 Qd7 13. Nc3 $16) 9. Bxf3
Nb8 ({9:-1.32} 9... Nb8 10. a4 Nbd7 11. Rb1 h6 12. Bh4 c6 13. b4 13... Bd4 $16)
({9:-1.08} 9... h6 10. Bh4 Nd4 11. Rb1 a5 12. a4 Qd7 13. Bxf6 gxf6 14. Bh5 $16)
10. Bxf6 Qxf6 11. Qb3 Bb6 ({10:-0.82} 11... Bb6 12. Nd5 Qd8 13. Bg4 Qh4 14. Bf5
g6 15. Bh3 f5 16. Qa3 $16) ({10:-0.70} 11... b6 12. Qd1 c6 13. Rb1 Na6 14. Bh5
Qf4 15. Ne2 Qh4 16. Ng3 $14) 12. Nd5 Qd8 13. Qc3 Nc6 14. Rae1 Qh4 15. a3 Nd4
16. Re3 c6 17. Nxb6 axb6 18. Rd1 f5 ({9:+0.14} 18... f5 19. Qd2 f4 20. Ree1
Nxf3+ 21. gxf3 Qh3 22. Qe2 Rfd8 23. Rc1 23... Rd7 $10) ({9:+0.29} 18... b5 19.
Qd2 bxc4 20. dxc4 Rfe8 21. Qd3 Re6 22. b4 Rh6 23. h3 $10) 19. Rd2 Rf7 ({
10:-0.06} 19... Rf7 20. exf5 Nxf5 21. Re4 Qh6 22. Bg4 Nd4 23. Rd1 Raf8 24. Rd2
24... Qh4 $10) ({10:+2.06} 19... f4 20. Re1 Nxf3+ 21. gxf3 Qh3 22. Kh1 Qxf3+
23. Kg1 Rf6 24. Kf1 Qh1+ 25. Ke2 Qxh2 26. Kd1 Qh5+ 27. Kc1 27... Qf3 $19) 20.
exf5 Rxf5 21. Be4 Rh5 22. Rh3 Qg5 23. f4 Qg4 24. Rxh5 Qxh5 25. Qb4 exf4 26.
Qxd6 Qc5 27. Qxc5 bxc5 28. h4 Rf8 ({11:-0.04} 28... Rf8 29. Rf2 Rf6 30. Kf1 Kf7
31. b4 cxb4 32. axb4 Ke7 33. h5 g6 34. h6 $10) ({11:+0.10} 28... h6 29. h5 Kf7
30. Rf2 Ke6 31. Kh2 Ke5 32. g3 Ne6 33. Re2 33... Re8 $10) 29. b4 cxb4 ({
11:-0.23} 29... cxb4 30. axb4 f3 31. Kf2 fxg2+ 32. Kxg2 h6 33. h5 Ne6 34. Kg3
Nf4 35. Kg4 Rf6 36. Rf2 $10) ({11:+0.06} 29... Ra8 30. bxc5 Rxa3 31. Rd1 Kf7
32. Bxh7 g6 33. h5 gxh5 34. Rf1 34... Ne6 $10) 30. axb4 Ra8 ({10:-0.35} 30...
Ra8 31. Rf2 Rf8 32. Ra2 f3 33. Kf2 fxg2+ 34. Kxg2 Rf4 35. Kg3 Rf1 36. Ra7 $14)
({10:-0.23} 30... f3 31. Kf2 fxg2+ 32. Kxg2 h6 33. h5 Ne6 34. Kg3 Nf4 35. Kg4
Rf6 36. Rf2 $10) 31. Rf2 g6 32. b5 Kg7 33. Kh1 Rf8 34. bxc6 bxc6 35. Ra2 Kh6
36. Ra7 Rf6 37. Rc7 Re6 38. Kg1 Re5 39. Kf1 Rh5 40. Kf2 Rxh4 41. Bxc6 Rh1 42.
Bf3 Rc1 43. Rd7 Rc2+ 44. Ke1 Nf5 45. Rf7 Rb2 46. c5 Ne3 47. Rxf4 Kg7 48. Re4
Nd5 49. c6 Rb1+ 50. Kf2 h5 51. Re2 Nf4 52. Re3 h4 53. d4 Rb2+ 54. Kf1 Rb1+ 55.
Re1 Rb2 56. d5 Rd2 57. c7 Rc2 58. d6 Nd3 59. d7 Nxe1 60. c8=Q Rxc8 61. dxc8=Q
Nxf3 62. gxf3 Kf6 63. Qd8+ Kf7 1-0